All English First Division/Premier League Teams Ever - Statistics

General Stats
  • This quiz has been taken 151 times
  • The average score is 49 of 65
Answer Stats
Hint Answer % Correct
2024-25 Arsenal
98%
2024-25 Manchester City
98%
2024-25 Everton
97%
2024-25 Liverpool
97%
2024-25 Manchester United
97%
2024-25 Aston Villa
96%
2024-25 Brighton & Hove Albion
96%
2024-25 Chelsea
96%
2024-25 Tottenham Hotspur
96%
2024-25 Newcastle United
95%
2016-17 Sunderland
95%
2024-25 Wolverhampton Wanderers
94%
2024-25 West Ham United
93%
2024-25 Bournemouth
92%
2022-23 Leeds United
92%
2024-25 Leicester City
92%
2023-24 Sheffield United
92%
2024-25 Ipswich Town
91%
2024-25 Southampton
91%
2024-25 Fulham
90%
2024-25 Brentford
89%
2024-25 Nottingham Forest
89%
2023-24 Burnley
88%
2009-10 Portsmouth
88%
2011-12 Blackburn Rovers
87%
1999-00 Sheffield Wednesday
87%
2020-21 West Bromwich Albion
87%
2018-19 Cardiff City
86%
2024-25 Crystal Palace
85%
2021-22 Norwich City
85%
2023-24 Luton Town
84%
2016-17 Middlesbrough
84%
2017-18 Swansea City
84%
2014-15 Queens Park Rangers
80%
2017-18 Stoke City
80%
2010-11 Birmingham City
79%
2018-19 Huddersfield Town
79%
2021-22 Watford
78%
2007-08 Derby County
77%
2016-17 Hull City
77%
1970-71 Blackpool
74%
2011-12 Bolton Wanderers
74%
2000-01 Coventry City
73%
2012-13 Wigan Athletic
72%
2012-13 Reading
71%
1960-61 Preston North End
70%
2006-07 Charlton Athletic
68%
1993-94 Oldham Athletic
68%
1999-00 Wimbledon
67%
1979-80 Bristol City
66%
2000-01 Bradford City
64%
1993-94 Swindon Town
64%
1987-88 Oxford United
62%
1989-90 Millwall
61%
1997-98 Barnsley
57%
1991-92 Notts County
55%
1928-29 Bury
43%
1965-66 Northampton Town
39%
1892-93 Accrington
38%
1962-63 Leyton Orient
38%
1974-75 Carlisle United
35%
1947-48 Grimsby Town
32%
1920-21 Bradford Park Avenue
19%
1893-94 Darwen
19%
1899-00 Glossop
19%
No matching quizzes found
Score Distribution
Percent of People with Each Score
Percentile by Number Answered
Your Score History
You have not taken this quiz